000 00581nam a22002052 4500
001 0000019710
005 20151217155902.0
008 110121s xx 000 0 eng d
020 _a9966497528 :
040 _aKABU
_cKABU
100 1 _aMohamed, Said A.
_@0000152151
245 1 0 _aJicho la ndani /
_cSaid A. Mohamed.
250 _a1st ed.
260 _aNairobi, Kenya :
_bLonghorn,
_c2002.
300 _axiv, 176 p.
650 0 _aSwahili literature.
_@0000178735
852 1 _9p400 KES
908 _a110121
950 _@1
999 _c13715
_d13715